| 000 | 01387cam a22003737i 4500 | ||
|---|---|---|---|
| 001 | 18084535 | ||
| 003 | OSt | ||
| 005 | 20240220101855.0 | ||
| 008 | 140327s2014 nyua b 001 0 eng d | ||
| 010 | _a 2013388268 | ||
| 015 |
_aGBB399368 _2bnb |
||
| 020 | _a9781137368676 (hbk.) | ||
| 020 | _a1137368675 (hbk.) | ||
| 020 | _z9781137368690 (ePub ebook) | ||
| 020 | _z9781137368683 (PDF ebook) | ||
| 035 | _a(OCoLC)ocn866836528 | ||
| 040 |
_aNLE _beng _cNLE _erda _dFXG _dYDXCP _dDLC |
||
| 042 | _alccopycat | ||
| 043 | _ae-fr--- | ||
| 050 | 0 | 0 |
_aNA6840.F7 _bR43 2014 |
| 082 | 0 | 4 |
_a725.8220904 _223 _bREA |
| 100 | 1 |
_aRead, Gray, _eauthor. _9120757 |
|
| 245 | 1 | 0 |
_aModern architecture in theatre : _bthe experiments of Art et action / _cGray Read, Associate Professor of Architecture, Florida International University, USA. |
| 250 | _aFirst edition. | ||
| 260 |
_aNew York: _bPalgrave Macmillan; _c2014. |
||
| 300 |
_ax, 139 pages : _billustrations ; _c23 cm. |
||
| 490 | 0 | _aPalgrave pivot | |
| 504 | _aIncludes bibliographical references (pages 130-135) and index. | ||
| 610 | 2 | 0 |
_aArt et action (Theater company) _9120758 |
| 650 | 0 |
_aTheater architecture _zFrance _y20th century. _9120759 |
|
| 906 |
_a7 _bcbc _ccopycat _d2 _encip _f20 _gy-gencatlg |
||
| 942 |
_2ddc _cBK _aSADA _k725.8220904 REA 2014 |
||
| 999 |
_c607872 _d607872 |
||